| 000 | 00000nam##2200000za#4500 |
| 001 | 9.590422 |
| 003 | CaOODSP |
| 005 | 20210624200122 |
| 007 | cr ||||||||||| |
| 008 | 150406|1980||||xxc|||||o f|0| 0 fre|d |
| 040 | |aCaOODSP|bfre |
| 041 | |aeng |
| 041 | |afre |
| 043 | |an-cn--- |
| 086 | 1 |aS52-2/164-1980-PDF |
| 110 | 1 |aCanada.|bTravaux publics et Services gouvernementaux Canada.|bBureau de la traduction. |
| 245 | 10|aDictionnaire contextuel anglais-français du dépoussiérage industriel / |h[ressource électronique]|c[par] Robert Serré. |
| 260 | |aOttawa - Ontario : |bTravaux publics et Services gouvernementaux Canada. |c1980. |
| 300 | |a153p. |
| 490 | 1 |aBulletin de terminologie|vN° 164 |
| 500 | |aÉdition numérisée de l'imprimé. [Produit par les Éditions et Services de dépôt, 2014.] Sur la couv. : Secrétariat d'État. Bureau des traductions. Direction générale de la terminologie et de la documentation. |
| 590 | |a14-22-Supp|b2014-12-24 |
| 720 | 1 |aSerré, Robert |
| 791 | |tEnglish-French contextual dictionary of industrial dust control / |eeng|w(CaOODSP)9.590421 |
| 830 | #0|aBulletin de terminologie ;|vN° 164|w(CaOODSP)9.500140 |
| 856 | 40|ahttp://publications.gc.ca|qPDF|s1453 Ko|uhttps://publications.gc.ca/collections/collection_2014/tpsgc-pwgsc/S52-2-164-1980.pdf|yN° 164 |